00754 2200265 4500001002100000005001500021035002500036008004100061020001800102082001300120100003300133245006200166260004500228300004000273500003300313650001400346850000900360999001500369040001700384084001900401990001700420990001700437990001700454990001700471YOGYA-0209000007293720241003083656 a0010-020900000072937090227s2007 jkia 000 0 ind d a979-22-3300-804a133.33371 aTeh, Sidhi WigunaePengarang10aFeng shui & arsitektur :bcatur matra /cSidhi Wiguna Teh31aJakarta :bGramedia Pustaka Utama,c2007 axii, 200 halaman :bgambar ;c24 cm aBibliografi: halaman 191-196 4aFeng Shui aBPAD a08P0001002 aYOPDYOGbind a133.3337 TEH f a1002-PD/P.08 a1001-PD/P.08 a1001-PD/P.08 a1002-PD/P.08